000 00402pab a2200157 454500
008 180718b2012 xxu||||| |||| 00| 0 eng d
100 _aTripathi, Tulika
245 _aSafai Karmi scheme of Uttar Pradesh: Caste dominance continues
260 _c2012
300 _ap.26-29.
362 _a15 Sep
650 _aSanitatioin
773 _aEconomic and Political Weekly
908 _aN
909 _a97943
999 _c97942
_d97942